[Event "Leca da Palmeira 2nd"]
[Site "Leca da Palmeira"]
[Date "2023.08.06"]
[Round "9"]
[White "Sperat Czar, Nicolas"]
[Black "Oliveira, Sancho"]
[Result "1-0"]
[WhiteElo "2055"]
[BlackElo "2215"]
[PlyCount "119"]
[EventDate "2023.07.31"]
[EventType "swiss"]
[EventRounds "9"]
[EventCountry "POR"]
[SourceTitle "CBM 215 Extra"]
[Source "ChessBase"]
[SourceDate "2023.09.30"]
[SourceVersion "1"]
[SourceVersionDate "2023.09.30"]
[SourceQuality "1"]

1. e4 c5 2. Nf3 d6 3. Bb5+ Bd7 4. Bxd7+ Qxd7 5. c4 Nf6 6. Nc3 g6 7. 0-0 Bg7 8. d4 cxd4 9. Nxd4 0-0 10. f3 Rc8 11. b3 d5 12. Nxd5 Nxd5 13. exd5 e6 14. Be3 exd5 15. Rc1 dxc4 16. Rxc4 Rxc4 17. bxc4 Nc6 18. Nxc6 Qxc6 19. Qd5 Qxd5 20. cxd5 Be5 21. Rd1 Bd6 22. Kf2 Rc8 23. Rc1 Rxc1 24. Bxc1 Kf8 25. h3 Ke7 26. Bg5+ Kd7 27. Ke3 Be5 28. Kd3 b5 29. Be3 a6 30. Bc5 f5 31. g4 Kc7 32. Kc2 a5 33. Kb3 Bd6 34. Bd4 a4+ 35. Kc2 Kb7 36. Kd3 Ka6 37. Bb2 Ka5 38. Kd4 Kb4 39. Bc1 h5 40. gxh5 gxh5 41. Bb2 Ka5 42. Kd3 Kb6 43. Bd4+ Kb7 44. Bf6 Kb6 45. Bd4+ Kc7 46. Ba7 Be5 47. Bc5 Kd7 48. Kc2 Bd6 49. Bd4 Ke7 50. Kd3 Kf7 51. Bb6 Kf6 52. Kd4 Ke7 53. Ba5 Kd7 54. Bb6 Ke8 55. Bc5 Bg3 56. Bb4 Bf2+ 57. Ke5 Kd7 58. Kxf5 Bg3 59. f4 h4 60. Ke4 1-0

[Event "Leca da Palmeira 2nd"]
[Site "Leca da Palmeira"]
[Date "2023.08.01"]
[Round "3"]
[White "Sperat Czar, Nicolas"]
[Black "Martins, Bruno Andre Leite"]
[Result "1-0"]
[WhiteElo "2055"]
[BlackElo "2342"]
[PlyCount "161"]
[EventDate "2023.07.31"]
[EventType "swiss"]
[EventRounds "9"]
[EventCountry "POR"]
[SourceTitle "CBM 215 Extra"]
[Source "ChessBase"]
[SourceDate "2023.09.30"]
[SourceVersion "1"]
[SourceVersionDate "2023.09.30"]
[SourceQuality "1"]

1. e4 c6 2. Nc3 d5 3. Nf3 Nf6 4. e5 Ne4 5. Ne2 Qb6 6. d4 e6 7. Ng3 c5 8. Bd3 Nxg3 9. fxg3 cxd4 10. 0-0 Nc6 11. Qe2 Be7 12. Ng5 Bxg5 13. Bxg5 h6 14. Bd2 Bd7 15. b4 g5 16. Rxf7 0-0-0 17. b5 Na5 18. Qe1 Nc4 19. Bxc4 dxc4 20. Ba5 Qxb5 21. Bxd8 Rxd8 22. Qf1 Qc5 23. Re1 d3+ 24. Qf2 Qxf2+ 25. Rxf2 Ba4 26. cxd3 cxd3 27. Rd2 Bc2 28. Kf2 Rd5 29. Kf3 Kd7 30. Kg4 Kc6 31. Kh5 Kc5 32. Rc1 b5 33. Kxh6 b4 34. h4 gxh4 35. gxh4 a5 36. g4 a4 37. Rcxc2+ dxc2 38. Rxc2+ Kd4 39. g5 b3 40. axb3 axb3 41. Rb2 Kc3 42. Rxb3+ Kxb3 43. g6 Rxe5 44. g7 Re4 45. g8Q Rxh4+ 46. Kg5 Re4 47. Qc8 Rc4 48. Qxe6 Kc3 49. Qe3+ Kb4 50. Kf5 Rc3 51. Qd2 Kb3 52. Ke4 Rc4+ 53. Kd3 Rc6 54. Qa5 Rd6+ 55. Ke4 Rd1 56. Qb5+ Kc3 57. Qc5+ Kb3 58. Ke3 Rg1 59. Kd2 Rg2+ 60. Kc1 Rg4 61. Qb6+ Rb4 62. Qe3+ Kc4 63. Kc2 Kb5 64. Qe6 Rc4+ 65. Kb3 Rc5 66. Qd6 Rc8 67. Qd5+ Kb6 68. Kb4 Rc1 69. Qd6+ Kb7 70. Qd2 Rc6 71. Qd7+ Rc7 72. Qd5+ Ka7 73. Ka5 Rh7 74. Qc5+ Kb8 75. Qd6+ Ka7 76. Qd4+ Kb8 77. Qf4+ Ka7 78. Qf2+ Kb8 79. Qg3+ Ka7 80. Qg1+ Kb7 81. Qb1+ 1-0

[Event "Menton op 19th"]
[Site "Menton"]
[Date "2022.10.23"]
[Round "1"]
[White "Sperat Czar, Nicolas"]
[Black "Govciyan, Pavel"]
[Result "1/2-1/2"]
[WhiteElo "2030"]
[BlackElo "2460"]
[PlyCount "89"]
[EventDate "2022.10.23"]
[EventType "swiss"]
[EventRounds "9"]
[EventCountry "FRA"]
[SourceTitle "EXT 2024"]
[Source "ChessBase"]
[SourceDate "2023.10.10"]
[SourceVersion "1"]
[SourceVersionDate "2023.10.10"]
[SourceQuality "1"]

1. e4 e5 2. Nf3 Nc6 3. Bb5 a6 4. Ba4 g6 5. 0-0 Bg7 6. c3 d6 7. h3 Bd7 8. Re1 Nf6 9. d4 0-0 10. d5 Ne7 11. c4 b5 12. cxb5 axb5 13. Bb3 h6 14. Nbd2 Kh8 15. Nf1 Ne8 16. Ng3 f5 17. exf5 Nxf5 18. Ne4 Nf6 19. Qd3 c5 20. dxc6 Bxc6 21. Nxf6 Qxf6 22. Bd5 Bxd5 23. Qxd5 Nd4 24. Rd1 Rad8 25. Be3 Nxf3+ 26. gxf3 Qh4 27. Kg2 Rf5 28. Qe4 Qf6 29. Rd5 Bf8 30. Rxb5 Be7 31. a4 Rh5 32. f4 Rh4 33. f3 Qe6 34. Rh1 Rc8 35. a5 g5 36. a6 gxf4 37. Bf2 Rh5 38. h4 d5 39. Rxd5 Rg8+ 40. Kf1 Qxa6+ 41. Qe2 Qe6 42. Qd3 Ra8 43. Ke2 Rb8 44. b3 Rf5 45. Ra1 1/2-1/2

[Event "Mostoles op 11th"]
[Site "Mostoles"]
[Date "2022.07.24"]
[Round "8"]
[White "Sperat Czar, Nicolas"]
[Black "Neagu, Roberto Florin"]
[Result "0-1"]
[WhiteElo "2004"]
[BlackElo "2056"]
[PlyCount "102"]
[EventDate "2022.07.17"]
[EventType "swiss"]
[EventRounds "9"]
[EventCountry "ESP"]
[SourceTitle "EXT 2024"]
[Source "ChessBase"]
[SourceDate "2023.10.10"]
[SourceVersion "1"]
[SourceVersionDate "2023.10.10"]
[SourceQuality "1"]

1. e4 c5 2. Nf3 Nc6 3. Bb5 g6 4. Bxc6 dxc6 5. d3 Bg7 6. h3 Nf6 7. Nc3 Nd7 8. Be3 e5 9. Qd2 h6 10. 0-0 b6 11. Nh2 Nf8 12. a4 a5 13. f4 exf4 14. Bxf4 Ne6 15. Be3 Nd4 16. Rae1 Be6 17. Nf3 Qd7 18. e5 Nxf3+ 19. Rxf3 0-0-0 20. Rff1 Bxe5 21. Bxh6 Bd4+ 22. Be3 Bxh3 23. Bxd4 Qxd4+ 24. Qe3 Be6 25. Qxd4 cxd4 26. Ne2 Rhe8 27. Rf6 Bg4 28. Kf2 Rd7 29. Ng3 Rxe1 30. Kxe1 Be6 31. Ne2 Kd8 32. Kd2 Ke7 33. Rf4 c5 34. c3 dxc3+ 35. Kxc3 g5 36. Rf1 f5 37. Rh1 f4 38. Rh6 Bg4 39. Kd2 Rd6 40. Rh7+ Kf6 41. Nc3 Bf5 42. Rh8 Rxd3+ 43. Ke2 Rd4 44. Rb8 Ke5 45. Rxb6 Rb4 46. Rb5 Kd4 47. Kd2 Bd3 48. Rxa5 Rxb2+ 49. Ke1 Kxc3 50. Rxc5+ Kd4 51. Rxg5 Ke3 0-1

[Event "Mostoles op 11th"]
[Site "Mostoles"]
[Date "2022.07.19"]
[Round "3"]
[White "Serrano Pozo, Fermin"]
[Black "Sperat Czar, Nicolas"]
[Result "0-1"]
[WhiteElo "1851"]
[BlackElo "2004"]
[PlyCount "84"]
[EventDate "2022.07.17"]
[EventType "swiss"]
[EventRounds "9"]
[EventCountry "ESP"]
[SourceTitle "EXT 2024"]
[Source "ChessBase"]
[SourceDate "2023.10.10"]
[SourceVersion "1"]
[SourceVersionDate "2023.10.10"]
[SourceQuality "1"]

1. c4 e5 2. g3 c6 3. d4 e4 4. Bg2 d5 5. cxd5 cxd5 6. Qb3 Nc6 7. e3 Nf6 8. Nc3 Na5 9. Qc2 Be7 10. f3 exf3 11. Nxf3 0-0 12. 0-0 Re8 13. Ne5 Be6 14. Bd2 Nc6 15. Nxc6 bxc6 16. Na4 Qd7 17. Rac1 Rac8 18. Nc5 Bxc5 19. Qxc5 Bh3 20. Bxh3 Qxh3 21. Qxa7 Ng4 22. Qxf7+ Kh8 23. Rf2 Nxf2 24. Qxf2 Rf8 25. Qe2 h5 26. Bb4 Rf6 27. Be7 Rg6 28. Qf3 h4 29. Qh5+ Rh6 30. Qg5 hxg3 31. Qxg3 Qh5 32. Bg5 Rg6 33. h4 Rf8 34. Rf1 Rxf1+ 35. Kxf1 Qd1+ 36. Qe1 Qd3+ 37. Qe2 Qb1+ 38. Kf2 Re6 39. a3 Kg8 40. Bd8 Re8 41. Ba5 Rf8+ 42. Kg2 Qe4+ 0-1

[Event "Skalica op"]
[Site "Skalica"]
[Date "2021.08.24"]
[Round "4"]
[White "Sperat Czar, Nicolas"]
[Black "Poschadel, Andreas Gregor"]
[Result "0-1"]
[WhiteElo "1897"]
[BlackElo "1941"]
[PlyCount "58"]
[EventDate "2021.08.21"]
[EventType "swiss"]
[EventRounds "9"]
[EventCountry "SVK"]
[SourceTitle "CBM 204 Extra"]
[Source "ChessBase"]
[SourceDate "2021.11.30"]
[SourceVersion "1"]
[SourceVersionDate "2021.11.30"]
[SourceQuality "1"]

1. e4 c5 2. Nf3 Nc6 3. d4 cxd4 4. Nxd4 e5 5. Nb5 a6 6. Nd6+ Bxd6 7. Qxd6 Qe7 8. Qd1 Nf6 9. Nc3 d6 10. Bg5 Be6 11. Nd5 Bxd5 12. exd5 Nb8 13. Be2 Nbd7 14. 0-0 0-0 15. b4 h6 16. Be3 Ne4 17. Qd3 f5 18. f3 Ng5 19. c4 f4 20. Bc1 e4 21. fxe4 Ne5 22. Qc2 f3 23. Bxf3 Ngxf3+ 24. gxf3 Nxf3+ 25. Kh1 Nxh2 26. Rxf8+ Rxf8 27. Bg5 Qe5 28. Rd1 Nf3 29. Qg2 Nxg5 0-1

[Event "Novi Sad TS Mix 158th"]
[Site "Novi Sad"]
[Date "2021.02.24"]
[Round "6"]
[White "Popchev, Milko"]
[Black "Sperat Czar, Nicolas"]
[Result "1-0"]
[WhiteElo "2262"]
[BlackElo "1887"]
[PlyCount "61"]
[EventDate "2021.02.21"]
[EventType "swiss"]
[EventRounds "10"]
[EventCountry "SRB"]
[SourceTitle "CBM 200 Extra"]
[Source "ChessBase"]
[SourceDate "2021.03.31"]
[SourceVersion "1"]
[SourceVersionDate "2021.03.31"]
[SourceQuality "1"]

1. c4 e5 2. Nc3 Nf6 3. Nf3 Nc6 4. d4 exd4 5. Nxd4 d6 6. e4 Be7 7. Be2 0-0 8. Be3 Re8 9. 0-0 Bf8 10. f3 g6 11. Qd2 Bg7 12. Rfd1 a6 13. Rac1 Bd7 14. Bf1 h5 15. Nb3 b6 16. Bg5 Be6 17. Nd5 Bxd5 18. cxd5 Ne5 19. Nd4 Qd7 20. Rc3 Rec8 21. Rdc1 Ne8 22. h3 f6 23. Be3 c5 24. dxc6 Qe7 25. f4 Nf7 26. Bc4 Qxe4 27. Bd3 Qe7 28. Bxg6 Nc7 29. Nf5 Qe6 30. Bd4 Re8 31. Rg3 1-0

[Event "Novi Sad TS Mix 158th"]
[Site "Novi Sad"]
[Date "2021.02.22"]
[Round "3"]
[White "Drazic, Sinisa"]
[Black "Sperat Czar, Nicolas"]
[Result "1-0"]
[WhiteElo "2327"]
[BlackElo "1887"]
[PlyCount "61"]
[EventDate "2021.02.21"]
[EventType "swiss"]
[EventRounds "10"]
[EventCountry "SRB"]
[SourceTitle "CBM 200 Extra"]
[Source "ChessBase"]
[SourceDate "2021.03.31"]
[SourceVersion "1"]
[SourceVersionDate "2021.03.31"]
[SourceQuality "1"]

1. d4 d5 2. Nc3 Bf5 3. Bg5 Nf6 4. Bxf6 exf6 5. e3 c6 6. Bd3 Bxd3 7. Qxd3 Be7 8. Nf3 0-0 9. g4 Re8 10. 0-0-0 b5 11. h4 Nd7 12. g5 a5 13. Rdg1 a4 14. Ne2 b4 15. Nf4 b3 16. axb3 axb3 17. cxb3 Ra2 18. Nh5 g6 19. Nxf6+ Nxf6 20. gxf6 Bxf6 21. b4 Qb6 22. Nd2 Rea8 23. h5 Ra1+ 24. Kc2 Rxg1 25. Rxg1 Qxb4 26. hxg6 hxg6 27. Nb3 Kg7 28. Nc5 Be7 29. Ne6+ Kf6 30. Nf4 Rb8 31. Rxg6+ 1-0

[Event "Bassano del Grappa op"]
[Site "Bassano del Grappa"]
[Date "2021.02.14"]
[Round "4"]
[White "Olenik Campa, Rudi"]
[Black "Sperat Czar, Nicolas"]
[Result "1-0"]
[WhiteElo "2092"]
[BlackElo "1887"]
[PlyCount "85"]
[EventDate "2021.02.12"]
[EventType "swiss"]
[EventRounds "9"]
[EventCountry "ITA"]
[SourceTitle "EXT 2023"]
[Source "ChessBase"]
[SourceDate "2022.10.05"]
[SourceVersion "1"]
[SourceVersionDate "2022.10.05"]
[SourceQuality "1"]

1. Nf3 d5 2. g3 Nf6 3. Bg2 c5 4. 0-0 Nc6 5. d3 e6 6. Nbd2 Be7 7. e4 0-0 8. e5 Nd7 9. Re1 Qc7 10. Qe2 b5 11. h4 Bb7 12. Nf1 Rac8 13. N1h2 Nd4 14. Qd1 Nxf3+ 15. Nxf3 d4 16. Bf4 Rfd8 17. Ng5 Bxg2 18. Kxg2 Qc6+ 19. Kh2 Nf8 20. Qh5 Qe8 21. Ne4 f5 22. Qxe8 Rxe8 23. Nd2 c4 24. a4 cxd3 25. cxd3 Rc2 26. axb5 Ng6 27. Nc4 Rxf2+ 28. Kg1 Rf3 29. Rxa7 Nxf4 30. gxf4 Bxh4 31. Rd1 g5 32. b6 Rxf4 33. b7 Rg4+ 34. Kh1 Rg3 35. Ra8 Rh3+ 36. Kg2 Rg3+ 37. Kh2 g4 38. Rxe8+ Kg7 39. Rg1 Rh3+ 40. Kg2 Rg3+ 41. Kf1 Rf3+ 42. Ke2 Rf2+ 43. Kd1 1-0

[Event "Bassano del Grappa op"]
[Site "Bassano del Grappa"]
[Date "2021.02.14"]
[Round "5"]
[White "Sperat Czar, Nicolas"]
[Black "Toman, Jan"]
[Result "1/2-1/2"]
[WhiteElo "1887"]
[BlackElo "2052"]
[PlyCount "125"]
[EventDate "2021.02.12"]
[EventType "swiss"]
[EventRounds "9"]
[EventCountry "ITA"]
[SourceTitle "EXT 2023"]
[Source "ChessBase"]
[SourceDate "2022.10.05"]
[SourceVersion "1"]
[SourceVersionDate "2022.10.05"]
[SourceQuality "1"]

1. e4 c5 2. Nf3 e6 3. d4 cxd4 4. Nxd4 Nc6 5. Nb5 d6 6. Bf4 e5 7. Be3 Be7 8. c4 Nf6 9. N1c3 a6 10. Na3 0-0 11. Be2 Be6 12. 0-0 Ne8 13. Nd5 f5 14. exf5 Bxf5 15. Bb6 Qd7 16. Nc2 Bg5 17. Nce3 Be6 18. Qd3 Qf7 19. Rad1 Rc8 20. b4 Nb8 21. a4 Nd7 22. a5 Nxb6 23. Nxb6 Rb8 24. Bf3 Bd8 25. Nbd5 b5 26. axb6 Bxb6 27. Nxb6 Rxb6 28. Nd5 Rb8 29. Be4 Nf6 30. Nxf6+ gxf6 31. Bd5 Rxb4 32. Bxe6 Qxe6 33. Qxd6 Qxd6 34. Rxd6 Rxc4 35. Rxa6 Kg7 36. g3 Kg6 37. Rb1 h5 38. Kg2 h4 39. Rbb6 Kg5 40. Rc6 Re4 41. Kf3 Re1 42. gxh4+ Kf5 43. h5 Rg1 44. h4 Rh1 45. Ra4 Rh8 46. Kg2 Rd1 47. f4 Rxh5 48. Raa6 exf4 49. Ra5+ Kg4 50. Rxh5 Rd2+ 51. Kf1 Kxh5 52. Rxf6 Kg4 53. Ra6 Kxh4 54. Ra3 Kg4 55. Rb3 Ra2 56. Rc3 Rh2 57. Ra3 Rh3 58. Rxh3 Kxh3 59. Kf2 Kg4 60. Kg2 f3+ 61. Kf2 Kf4 62. Kf1 Ke4 63. Kf2 1/2-1/2

[Event "Bassano del Grappa Vergani Cup Elitte-A"]
[Site "Bassano del Grappa"]
[Date "2021.01.07"]
[Round "9"]
[White "Sperat Czar, Nicolas"]
[Black "Durrfeld, Sofie Bech"]
[Result "1-0"]
[WhiteElo "1775"]
[BlackElo "1818"]
[PlyCount "67"]
[EventDate "2021.01.03"]
[EventType "swiss"]
[EventRounds "9"]
[EventCountry "ITA"]
[SourceTitle "EXT 2022"]
[Source "ChessBase"]
[SourceDate "2021.10.06"]
[SourceVersion "1"]
[SourceVersionDate "2021.10.06"]
[SourceQuality "1"]

1. e4 c5 2. Nf3 g6 3. d4 cxd4 4. Nxd4 Bg7 5. c4 Nc6 6. Be3 Nf6 7. Nc3 Ng4 8. Qxg4 Nxd4 9. Qd1 Ne6 10. Be2 Bxc3+ 11. bxc3 d6 12. 0-0 Bd7 13. f4 Qa5 14. Bd4 f6 15. e5 fxe5 16. fxe5 dxe5 17. Bf2 0-0-0 18. Qc2 Nf4 19. Bf3 Bf5 20. Be4 Bxe4 21. Qxe4 Rd7 22. c5 Qc7 23. a4 Rd2 24. a5 Re2 25. Qf3 Rf8 26. a6 e4 27. Qg4+ Kb8 28. Rab1 h5 29. Qh4 g5 30. Qxg5 e3 31. Bg3 Rxg2+ 32. Kh1 Rg1+ 33. Kxg1 Nh3+ 34. Kg2 1-0

[Event "Bassano del Grappa Vergani Cup Elitte-A"]
[Site "Bassano del Grappa"]
[Date "2021.01.06"]
[Round "7"]
[White "Sperat Czar, Nicolas"]
[Black "Tripodi, Enzo"]
[Result "0-1"]
[WhiteElo "1775"]
[BlackElo "2070"]
[PlyCount "88"]
[EventDate "2021.01.03"]
[EventType "swiss"]
[EventRounds "9"]
[EventCountry "ITA"]
[SourceTitle "EXT 2022"]
[Source "ChessBase"]
[SourceDate "2021.10.06"]
[SourceVersion "1"]
[SourceVersionDate "2021.10.06"]
[SourceQuality "1"]

1. e4 c5 2. Nf3 d6 3. d4 cxd4 4. Nxd4 Nf6 5. Nc3 a6 6. f3 e5 7. Nb3 Be6 8. Be3 Nbd7 9. Qd2 b5 10. Nd5 Bxd5 11. exd5 Nb6 12. Bxb6 Qxb6 13. g4 Be7 14. 0-0-0 b4 15. Kb1 0-0 16. h4 a5 17. h5 a4 18. Nc1 Ra5 19. Bc4 Nd7 20. g5 Rc5 21. Bd3 Kh8 22. Bf5 Rc7 23. Bxd7 Rxd7 24. f4 f5 25. g6 h6 26. Nd3 b3 27. fxe5 bxa2+ 28. Kxa2 Rb8 29. Rb1 Qb3+ 30. Ka1 Qxd5 31. exd6 Bf6 32. c3 Qxd6 33. Rhd1 a3 34. b3 a2 35. Kxa2 Qa6+ 36. Kb2 Rbd8 37. Kc2 Rc8 38. c4 Qa2+ 39. Kc1 Bg5 40. Rb2 Bxd2+ 41. Rdxd2 Qa1+ 42. Kc2 Rcd8 43. Rb1 Qa2+ 44. Rb2 Qxb2+ 0-1

[Event "Bassano del Grappa Vergani Cup Elitte-A"]
[Site "Bassano del Grappa"]
[Date "2021.01.05"]
[Round "5"]
[White "Sperat Czar, Nicolas"]
[Black "Candian, Lorenzo"]
[Result "1-0"]
[WhiteElo "1775"]
[BlackElo "1835"]
[PlyCount "57"]
[EventDate "2021.01.03"]
[EventType "swiss"]
[EventRounds "9"]
[EventCountry "ITA"]
[SourceTitle "EXT 2022"]
[Source "ChessBase"]
[SourceDate "2021.10.06"]
[SourceVersion "1"]
[SourceVersionDate "2021.10.06"]
[SourceQuality "1"]

1. e4 c5 2. Nf3 d6 3. d4 cxd4 4. Nxd4 Nf6 5. Nc3 a6 6. f3 e6 7. Be3 Nbd7 8. Qd2 b5 9. a3 Bb7 10. g4 h6 11. 0-0-0 Be7 12. h4 Ne5 13. Be2 d5 14. g5 Nh5 15. gxh6 gxh6 16. exd5 Bxd5 17. Rhg1 Nc4 18. Bxc4 bxc4 19. Nxd5 Qxd5 20. c3 Rb8 21. Bxh6 Qb7 22. Rg2 Bxa3 23. Bg5 Be7 24. Bxe7 Kxe7 25. Nf5+ Kf8 26. Qd6+ Ke8 27. Qe5 f6 28. Qxe6+ Kf8 29. Rd7 1-0

[Event "Sitges Sunway 7th"]
[Site "Sitges"]
[Date "2020.12.22"]
[Round "9"]
[White "Sperat Czar, Nicolas"]
[Black "Pozanco Romasanta, Marc"]
[Result "1-0"]
[WhiteElo "1775"]
[BlackElo "2116"]
[PlyCount "115"]
[EventDate "2020.12.13"]
[EventType "swiss"]
[EventRounds "10"]
[EventCountry "ESP"]
[SourceTitle "CBM 199 Extra"]
[Source "ChessBase"]
[SourceDate "2021.01.31"]
[SourceVersion "1"]
[SourceVersionDate "2021.01.31"]
[SourceQuality "1"]

1. e4 c5 2. Nf3 Nc6 3. d4 cxd4 4. Nxd4 Nf6 5. Nc3 e5 6. Ndb5 d6 7. Bg5 a6 8. Na3 b5 9. Nd5 Be7 10. Bxf6 gxf6 11. Bd3 Be6 12. c3 f5 13. Nxe7 Nxe7 14. exf5 Nxf5 15. Bxf5 Bxf5 16. Nc2 Rg8 17. Ne3 Be4 18. Qd2 f5 19. f3 Qh4+ 20. Qf2 Qxf2+ 21. Kxf2 f4 22. Ng4 Ke7 23. Nxe5 dxe5 24. fxe4 Rac8 25. a3 a5 26. Rhd1 Rc5 27. Rd2 Rgc8 28. Rad1 R8c7 29. Rd5 Ke6 30. Rd6+ Ke7 31. R1d5 h5 32. Kf3 Rc4 33. Rh6 R7c5 34. Rxc5 Rxc5 35. Rxh5 b4 36. axb4 axb4 37. cxb4 Rb5 38. Kg4 Kf6 39. Rh6+ Kg7 40. Re6 Kf7 41. Kf5 Rxb4 42. Rf6+ Kg7 43. Rg6+ Kh7 44. Rg4 Rb5 45. Kf6 Kh8 46. b4 Kh7 47. h3 Kh8 48. Rh4+ Kg8 49. Rh5 Rb6+ 50. Kf5 Rxb4 51. Rg5+ Kh7 52. Kxe5 Kh6 53. Rg4 f3 54. gxf3 Rb3 55. Kf4 Kh5 56. e5 Rb4+ 57. Kf5 Rb3 58. Rf4 1-0